Beste Champions League Torschützen Bayer 04 Leverkusen - Statistiken

Allgemein
  • Dieses Quiz wurde 324 mal gespielt
    46 seit der letzten Aktualisierung
  • Das Durchschnittsergebnis liegt bei 11 aus 28
Antwortstatistiken
Saison Nationalität Tore Spieler % Korrekt
2024/25 Deutschland 6 Florian Wirtz
95%
2025/26 Tschechien 4 Patrik Schick
95%
2025/26 Spanien 4 Álex Grimaldo
82%
2016/17 Mexiko 1 Javier Hernández
79%
2015/16 Mexiko 5 Javier Hernández
79%
2014/15 Südkorea 3 Heung-min Son
77%
2004/05 Bulgarien 3 Dimitar Berbatov
69%
1999/00 Deutschland 4 Ulf Kirsten
51%
2001/02 Deutschland 6 Michael Ballack
49%
2000/01 Deutschland 2 Michael Ballack
49%
2016/17 Deutschland 1 Julian Brandt
41%
2011/12 Schweiz 2 Eren Derdiyok
38%
2016/17 Slowenien 1 Kevin Kampl
38%
2022/23 Frankreich 2 Moussa Diaby
38%
2016/17 Türkei 1 Hakan Çalhanoğlu
36%
2016/17 Deutschland 1 Karim Bellarabi
28%
2019/20 Deutschland 1 Kevin Volland
21%
2016/17 Deutschland 1 Kevin Volland
21%
2004/05 Brasilien 3 França
18%
2013/14 Deutschland 3 Simon Rolfes
18%
2016/17 Schweiz 1 Admir Mehmedi
15%
1997/98 Brasilien 4 Emerson
15%
2019/20 Deutschland 1 Sven Bender
10%
2004/05 Polen 3 Jacek Krzynówek
5%
2000/01 Deutschland 2 Thomas Brdaric
5%
2016/17 Ukraine 1 Vladlen Yurchenko
5%
1997/98 Deutschland 4 Stefan Beinlich
3%
2002/03 Kroatien 4 Marko Babić
0%
Keine übereinstimmenden Quizze gefunden
Verteilung der Resultate
Anzahl Personen mit jedem Resultat
Perzentil nach korrekt beantworteten Fragen
Ihre Resultats-Entwicklung
Sie haben dieses Quiz seit der letzten Aktualisierung nicht gespielt